Computer science : Obs. Vol.1., s.1-595. Vol.2., s.599-1013 /

Gespeichert in:
Bibliographische Detailangaben
1. Verfasser: Warford, J.Stanley (Verfasst von)
Format: Buch
Sprache:Englisch
Veröffentlicht: Lexington : D.C.Heath and Company, 1991
Ausgabe:1.vyd.
Schlagworte:
Tags: Tag hinzufügen
Keine Tags, Fügen Sie das erste Tag hinzu!

MARC

LEADER 00000nam a22000003a 4500
001 stu7174
005 20150617225805.4
008 941207s1991----xxu-----------------eng-d
040 |a STU  |b slo 
041 0 |a eng 
044 |a xxu 
080 |a 681.32 
080 |a 519.68 
100 1 |a Warford, J.Stanley  |4 aut 
245 1 |a Computer science :  |b Obs. Vol.1., s.1-595. Vol.2., s.599-1013 /  |c [aut.] Warford,J.Stanley 
250 |a 1.vyd. 
260 |a Lexington :  |b D.C.Heath and Company,  |c 1991 
300 |a 2.vol 
650 7 |a počítače  |2 stusub 
650 7 |a programovanie  |2 stusub 
996 |b E79402  |c E*79402  |l EE30  |s P  |a 0  |w stu7174_0001 
996 |b E79403  |c E*79403  |l EE30  |s P  |a 0  |w stu7174_0002